Score 0/18 Timer 04:00
0 Plays Today
Movie Answer % Correct
___ Stoker's DraculaBram
95.9%
Dracula: ___ and Loving ItDead
91.4%
Dracula Has Risen from the ___Grave
79.1%
Dracula: ___ of DarknessPrince
75.1%
Dracula: Pages from a Virgin's ___Diary
72.3%
Dracula vs. ___Frankenstein
67.1%
Dracula: The ___ PrinceDark
65.4%
___ of DraculaSon
54.9%
The ___ of DraculaBrides
49.6%
Movie Answer % Correct
___ for DraculaBlood
47.3%
Dracula's ___Daughter
28%
Dracula ___2000
25.2%
The Satanic ___ of DraculaRites
23.1%
The ___ of Dracula Return
20.2%
___ the Blood of DraculaTaste
17.3%
Count Dracula's Great ___Love
16.6%
___ of DraculaHouse
15.6%
Dracula ___Untold
15.1%

Today's Daily Dose

You're not logged in!

Compare scores with friends on all Sporcle quizzes.
OR
Log In

Sporcle TV

Today on Sporcle TV


Watch our educational content, quiz creation guides, and fun videos on Sporcle TV.

Show Comments

Extras

Top Quizzes Today


Score Distribution

Paid Content

Your Account Isn't Verified!

In order to create a playlist on Sporcle, you need to verify the email address you used during registration. Go to your Sporcle Settings to finish the process.

Report this User

Report this user for behavior that violates our Community Guidelines.

Details: